|
|
|
|
| LEADER |
00000nab a2200000 a 4500 |
| 001 |
vtls000680770 |
| 003 |
SK-MaSNL |
| 005 |
20260319074300.0 |
| 008 |
160322c1998 xo 0 hun |
| 015 |
|
|
|a SNBRA1998/12-31370
|
| 035 |
|
|
|a CLN000032938
|
| 040 |
|
|
|a SNKBUCL
|b slo
|c SNKBUCL
|e AACR2
|
| 041 |
0 |
|
|a hun
|
| 044 |
|
|
|a xo
|c SK
|
| 080 |
|
|
|a 796.83.071
|2 UDC-MRF-SK2
|
| 080 |
|
|
|a 929 Csölle, Gergely
|2 UDC-MRF-SK2
|
| 100 |
1 |
|
|a Horváth, Péter
|4 ain
|
| 245 |
1 |
0 |
|a Csölle "Geri" Gergely világbajnok akar lenni
|b "tizenhat- tizenhét éves koromban kezdtem foglalkozni" ...
|c [beszélgetett] Horváth Péter
|
| 300 |
|
|
|b Fotogr.
|
| 600 |
1 |
7 |
|a Csölle, Gergely,
|d 1972-
|2 snkbucl
|9 907028
|
| 651 |
|
7 |
|a 201
|2 snkbucl
|9 294639
|
| 655 |
|
7 |
|a články z novín a časopisov
|2 snkbucl
|9 267496
|
| 700 |
1 |
|
|a Csölle, Gergely
|4 aut
|4 uin
|9 907029
|
| 773 |
0 |
|
|t Új szó
|g Roč. 51, č. 289 (14.12.1998), s. 10
|
| 850 |
|
|
|a Slovenská národná knižnica v Martine
|
| 852 |
|
|
|a SNK
|b KIS3GCP
|
| 958 |
|
|
|a HU
|
| 958 |
|
|
|a SK
|
| 958 |
|
|
|a BX
|
| 999 |
|
|
|c 1437331
|d 1439261
|